Kredyty i gwarancje kredytowe przyznane Polsce przez organizacje panstwowe i miedzynarodowe w 1990 r.

Úvery medzinárodných organizácií: Svetovou bankou, Európskou investičnou bankou a inými vládnymi inštitúciami. Využívanie úverov. Úvery poskytnuté alebo zaručené medzinárodnými organizáciami alebo vládnymi inštitúciami s údajmi vo forme trojstránkovej tabuľky.

Salvato in:
Dettagli Bibliografici
Autore principale: Kedziorek, W.
Natura: Capitolo di libro
Lingua:polacco
Soggetti:
Tags: Aggiungi Tag
Nessun Tag, puoi essere il primo ad aggiungerne!!

MARC

LEADER 00000naa a2200000 4500
001 r004676
005 20221125122856.9
041 0 |a pol 
044 |a PL 
245 1 0 |a Kredyty i gwarancje kredytowe przyznane Polsce przez organizacje panstwowe i miedzynarodowe w 1990 r.  |c W. Kedziorek 
520 |a Úvery medzinárodných organizácií: Svetovou bankou, Európskou investičnou bankou a inými vládnymi inštitúciami. Využívanie úverov. Úvery poskytnuté alebo zaručené medzinárodnými organizáciami alebo vládnymi inštitúciami s údajmi vo forme trojstránkovej tabuľky. 
610 2 0 |a úver medzinárodný 
610 2 0 |a PR 
610 2 0 |a 1990 
610 2 0 |a organizácie medzinárodné 
100 1 |a Kedziorek, W.